Detalles MARC
| 000 -CABECERA |
| campo de control de longitud fija |
04168nam a22002777i 4500 |
| 003 - IDENTIFICADOR DEL NÚMERO DE CONTROL |
| campo de control |
DO-SdBNP |
| 005 - FECHA Y HORA DE LA ÚLTIMA TRANSACCIÓN |
| campo de control |
20250916082044.0 |
| 007 - CAMPO FIJO DE DESCRIPCIÓN FÍSICA--INFORMACIÓN GENERAL |
| campo de control de longitud fija |
ta |
| 008 - DATOS DE LONGITUD FIJA--INFORMACIÓN GENERAL |
| campo de control de longitud fija |
220617b1992 dr da||| |||| 00| 0 spa d |
| 040 ## - FUENTE DE LA CATALOGACIÓN |
| Centro catalogador/agencia de origen |
DO-SdBNP |
| Lengua de catalogación |
spa |
| Centro/agencia transcriptor |
BNPHU |
| Normas de descripción |
rda |
| 041 ## - CÓDIGO DE LENGUA |
| Código de lengua del texto/banda sonora o título independiente |
spa |
| 082 #4 - NÚMERO DE LA CLASIFICACIÓN DECIMAL DEWEY |
| Número de clasificación |
330.97293 |
| Número de documento/Ítem |
S113e, 1992 |
| Número de edición |
22 |
| 245 00 - MENCIÓN DE TÍTULO |
| Título |
Sábado económico : |
| Resto del título |
números 105-156 / |
| Mención de responsabilidad, etc. |
editor Andrés Dauhajre hijo |
| 264 ## - PRODUCCIÓN, PUBLICACIÓN, DISTRIBUCIÓN, FABRICACIÓN Y COPYRIGHT |
| Producción, publicación, distribución, fabricación y copyright |
Santo Domingo : |
| Nombre del de productor, editor, distribuidor, fabricante |
Fundación Economía y Desarrollo, |
| Fecha de producción, publicación, distribución, fabricación o copyright |
1992. |
| 300 ## - DESCRIPCIÓN FÍSICA |
| Extensión |
543 paginas : |
| Otras características físicas |
ilustraciones, gráficas. ; |
| Dimensiones |
22 cm. |
| 336 ## - TIPO DE CONTENIDO |
| Fuente |
rdacontent |
| Término de tipo de contenido |
texto |
| Código de tipo de contenido |
txt |
| 337 ## - TIPO DE MEDIO |
| Fuente |
rdamedia |
| Nombre/término del tipo de medio |
sin mediación |
| Código del tipo de medio |
n |
| 338 ## - TIPO DE SOPORTE |
| Fuente |
rdacarrier |
| Nombre/término del tipo de soporte |
volumen |
| Código del tipo de soporte |
nc |
| 505 ## - NOTA DE CONTENIDO CON FORMATO |
| Nota de contenido con formato |
N° 105. El control de alquileres 3 -- Vivienda y construcción 9 -- N° 106. 10 razones para privatizar 13 -- N° 107. Comportamiento banca comercial 1989 20 -- Marruecos: decisión real a favor de la inversión extranjera 26 -- Adriano y las leyes económicas 27 -- N° 108. Las empresas del pueblo 32 -- N° 109. Privatización: algunas lecciones internacionales 39 -- De Alemania del este a la del oeste: ¿alguna razón? 46 -- Declaración jurada 51 -- Lo publico y lo privado 52 -- N° 110. Carta de un accionista de corde 54 -- N° 111. Como desarrollar la República Dominicana 61 -- N° 112. La gallinita roja 69 -- N° 113. Adam Smith en Argentina 73 -- N° 114. El presupuesto en gráficos 87 -- N° 115. Varios errores sobre la luz eléctrica 93 -- N° 116. Obstáculos semánticos: trampas y espejismos 102 -- N° 117. El futuro del sistema financiero 109 -- N° 118. Economía Dominicana 1989 114 -- N° 119. Enseñanza de un banquero central 150 -- N° 120. Incidencias de las políticas de presupuesto publico implementadas en la Republica Dominicana 156 -- N° 121. Panorama económico Dominicano 165 -- N° 122. La situación cambiaria y el equilibrio macroeconómico en República Dominicana: diagnostico y políticas 171 -- N° 123. La misión 187 -- N° 124. Lineamientos estratégicos para el desarrollo económico de la República Dominicana: presentación 193 -- N° 125. Mercado y libertad 208 -- N° 126. De la lambada a color de mello 215 -- N° 127. La nueva política económica aplicada 226 -- N° 128. La tasa de cambio en gráficos 232 -- N° 129. Artistas, intelectuales y la economía de mercado 249 -- N° 130. Las utilidades de las empresas de corde 255 -- N°131. Austeridad si pero en el sector público 267 -- N° 132. Un programa anti-inflacionario 271 -- N° 133. Imprima, mi frente, imprima 287 -- N° 134. Las verdaderas opciones de los paises deudores 293 -- N° 135. Prohibiendo importaciones salvamos al país 310 -- N° 136. Las promesas de Balaguer 316 -- N° 137. Enfoque político de los ajustes económicos (I) 330 -- N° 138. La batalla de collor en Brasil 337 -- N° 139. La inflamación como impuesto en la República Dominicana 355 -- N° 140. Credibilidad y éxito del programa de ajuste 361 -- N° 141. A quien beneficia la reforma arancelaria 382 -- N° 142. Salud y crisis económica: el hospital Toribio Bencosme en Moca 388 -- N° 143. El moderno Adam Smith 397 -- N° 144. Taiwán y Corea: dos senderos hacia la prosperidad 403 -- N° 145. Una alternativa: bloques regionales de comercia 416 -- N° 146. Los empresarios y la reforma arancelaria 423 -- N° 147. El manifiesto capitalista: el libre mercado es el único sistema economico moral 441 -- N° 148. ¿Por que usted no tiene carro? 446 -- N° 149. La tasa de cambio en gráficos 455 -- N° 150. Popularismo macroeconómico: el chile de allende 461 -- N° 151. Rusia descubre el mercado 475 -- N° 152. Gobernadores e inorgánicos: el ranking de los emisores 482 -- N° 153. Maxi-devaluación y credibilidad 495 -- N° 154. Popularismo macroeconómico: el Perú de Alan García 502 -- N° 155. Los cinco desafíos de América Latina 518 -- N° 156. Presidentes e inorgánicos: ranking de los demandantes de inorgánicos 524 |
| 590 ## - NOTA LOCAL (RLIN) |
| Nota local |
Inventariado 2022 / DG |
| 651 #4 - PUNTO DE ACCESO ADICIONAL DE MATERIA--NOMBRE GEOGRÁFICO |
| Nombre geográfico |
República Dominicana |
| Subdivisión general |
Condiciones económicas |
| Subdivisión cronológica |
1961- |
| 9 (RLIN) |
7344 |
| 651 #4 - PUNTO DE ACCESO ADICIONAL DE MATERIA--NOMBRE GEOGRÁFICO |
| Nombre geográfico |
América Latina |
| Subdivisión general |
Política económica |
| Subdivisión cronológica |
1982- |
| 9 (RLIN) |
81872 |
| 700 1# - PUNTO DE ACCESO ADICIONAL--NOMBRE DE PERSONA |
| Nombre de persona |
Dauhajre, Andrés |
| Término indicativo de función/relación |
ed. |
| Forma completa/desarrollada del nombre |
hijo |
| 9 (RLIN) |
6000 |
| 910 ## - DATOS DE OPCIÓN DEL USUARIO (OCLC) |
| Datos de opción del usuario |
DG |
| 942 ## - ELEMENTOS DE PUNTO DE ACCESO ADICIONAL (KOHA) |
| Fuente del sistema de clasificación o colocación |
Dewey Decimal Classification |
| Tipo de ítem Koha |
Libro |